<?xml version="1.0" encoding="UTF-8"?>
<record
    xmlns:xsi="http://www.w3.org/2001/XMLSchema-instance"
    xsi:schemaLocation="http://www.loc.gov/MARC21/slim http://www.loc.gov/standards/marcxml/schema/MARC21slim.xsd"
    xmlns="http://www.loc.gov/MARC21/slim">

  <leader>03619nam a2200553uu 4500</leader>
  <controlfield tag="001">1303391</controlfield>
  <controlfield tag="003">CO-MdUADB</controlfield>
  <controlfield tag="005">20260508075350.0</controlfield>
  <controlfield tag="008">121029s2012                        spa  </controlfield>
  <datafield tag="020" ind1=" " ind2=" ">
    <subfield code="a">9788415223450</subfield>
  </datafield>
  <datafield tag="035" ind1=" " ind2=" ">
    <subfield code="a">1303391</subfield>
  </datafield>
  <datafield tag="040" ind1=" " ind2=" ">
    <subfield code="c">CO-MdUADB</subfield>
    <subfield code="a">CO-MdUADB</subfield>
    <subfield code="b">spa</subfield>
    <subfield code="d">rda</subfield>
    <subfield code="e">rda</subfield>
  </datafield>
  <datafield tag="041" ind1=" " ind2=" ">
    <subfield code="a">spa</subfield>
  </datafield>
  <datafield tag="080" ind1=" " ind2=" ">
    <subfield code="a">WM</subfield>
  </datafield>
  <datafield tag="100" ind1="1" ind2="0">
    <subfield code="a">G&#xF3;mez S&#xE1;nchez, Rosario</subfield>
    <subfield code="4">aut</subfield>
    <subfield code="e">aut</subfield>
    <subfield code="9">614703</subfield>
  </datafield>
  <datafield tag="245" ind1="1" ind2="0">
    <subfield code="a">Manual de atenci&#xF3;n psicosocial</subfield>
  </datafield>
  <datafield tag="260" ind1=" " ind2=" ">
    <subfield code="a">Barcelona:</subfield>
    <subfield code="b">Monsa,</subfield>
    <subfield code="c">2012.</subfield>
  </datafield>
  <datafield tag="300" ind1=" " ind2=" ">
    <subfield code="a">xxii, 297 p. : il.</subfield>
  </datafield>
  <datafield tag="505" ind1=" " ind2=" ">
    <subfield code="a">CONTENIDO : La conducta de enfermedad. Hospitalizaci&#xF3;n. -- La personalidad. -- Desarrollo y representaci&#xF3;n mental de la enfermedad del ni&#xF1;o. -- Procesos b&#xE1;sicos de adaptaci&#xF3;n, aprendizaje y memoria. -- Relaci&#xF3;n de ayuda. -- Estilos o rasgos de personalidad. -- Paciente terminal y duelo. -- La comunicaci&#xF3;n con el enfermo y el manejo de la informaci&#xF3;n sobre la enfermedad. -- Burnout y ansiedad. -- Preparaci&#xF3;n psicol&#xF3;gica a la hospitalizaci&#xF3;n quir&#xFA;rgica-pedi&#xE1;trica. -- Percepci&#xF3;n y teor&#xED;a de la atribuci&#xF3;n. -- Trastornos de la conducta alimentaria. -- Aspectos psicol&#xF3;gicos del infarto al miocardio. -- Factores psicosociales del asma. -- Aspectos psicol&#xF3;gicos del c&#xE1;ncer. -- Factores psicosociales en el anciano. -- Efecto placebo. -- Comunicaci&#xF3;n y salud. -- Terapia Gestalt. -- La autoestima en los profesionales sanitarios. -- T&#xE9;cnicas de relajaci&#xF3;n. -- Atenci&#xF3;n sociosanitaria de las drogodependencias.</subfield>
  </datafield>
  <datafield tag="520" ind1="3" ind2=" ">
    <subfield code="a">El origen de la obra que nos ocupa, se encuentra en la necesidad que detectan las coordinadoras de la misma, en unir en un solo manual toda la tem&#xE1;tica que consideran necesaria desde su trayectoria profesional y docente, para la formaci&#xF3;n de los futuros profesionales sanitarios, sobre todo graduados en enfermer&#xED;a, en el abordaje de las necesidades psicosociales que aparecen en el proceso de enfermar, tanto en el &#xE1;rea personal, como familiar y social del individuo. Se construye tambi&#xE9;n como una obra de consulta y herramienta de trabajo para cualquier profesional sanitario que quiera ampliar su formaci&#xF3;n en atenci&#xF3;n psicosocial, mejorando su desempe&#xF1;o y pudiendo ofrecer a sus pacientes una atenci&#xF3;n hol&#xED;stica en su proceso de enfermar.</subfield>
  </datafield>
  <datafield tag="650" ind1=" " ind2="7">
    <subfield code="a">Atenci&#xF3;n psicosocial</subfield>
    <subfield code="9">100356</subfield>
  </datafield>
  <datafield tag="650" ind1=" " ind2=" ">
    <subfield code="a">Psicolog&#xED;a de la Gestalt</subfield>
    <subfield code="9">43341</subfield>
  </datafield>
  <datafield tag="650" ind1=" " ind2=" ">
    <subfield code="a">Psicoterapia en ni&#xF1;os</subfield>
    <subfield code="9">24226</subfield>
  </datafield>
  <datafield tag="650" ind1=" " ind2=" ">
    <subfield code="a">Psicoterapia en adolescentes</subfield>
    <subfield code="9">67248</subfield>
  </datafield>
  <datafield tag="650" ind1=" " ind2=" ">
    <subfield code="a">Psicoterapia geriatrica</subfield>
    <subfield code="9">45496</subfield>
  </datafield>
  <datafield tag="650" ind1=" " ind2=" ">
    <subfield code="a">Personalidad infantil</subfield>
    <subfield code="9">49109</subfield>
  </datafield>
  <datafield tag="650" ind1=" " ind2=" ">
    <subfield code="a">Hospitalizaci&#xF3;n</subfield>
    <subfield code="9">18699</subfield>
  </datafield>
  <datafield tag="650" ind1=" " ind2=" ">
    <subfield code="a">Enfermedad - Aspectos psicol&#xF3;gicos</subfield>
    <subfield code="9">198764</subfield>
  </datafield>
  <datafield tag="650" ind1=" " ind2=" ">
    <subfield code="a">Paciente terminal</subfield>
    <subfield code="9">53424</subfield>
  </datafield>
  <datafield tag="650" ind1=" " ind2=" ">
    <subfield code="a">Duelo (Psicolog&#xED;a)</subfield>
    <subfield code="9">51569</subfield>
  </datafield>
  <datafield tag="650" ind1=" " ind2=" ">
    <subfield code="a">Relaciones profesional de la salud-paciente</subfield>
    <subfield code="9">71374</subfield>
  </datafield>
  <datafield tag="650" ind1=" " ind2=" ">
    <subfield code="a">S&#xED;ndrome de Burnout</subfield>
    <subfield code="9">172071</subfield>
  </datafield>
  <datafield tag="650" ind1=" " ind2="7">
    <subfield code="a">Trastornos de alimentaci&#xF3;n y de la ingesti&#xF3;n de alimentos</subfield>
    <subfield code="2">dcs</subfield>
    <subfield code="9">130627</subfield>
  </datafield>
  <datafield tag="650" ind1=" " ind2=" ">
    <subfield code="a">Anorexia - Aspectos psicol&#xF3;gicos</subfield>
    <subfield code="9">141889</subfield>
  </datafield>
  <datafield tag="650" ind1=" " ind2=" ">
    <subfield code="a">Bulimia - Aspectos psicol&#xF3;gicos</subfield>
    <subfield code="9">196709</subfield>
  </datafield>
  <datafield tag="650" ind1=" " ind2=" ">
    <subfield code="a">Infarto de miocardio</subfield>
    <subfield code="9">51843</subfield>
  </datafield>
  <datafield tag="650" ind1=" " ind2="7">
    <subfield code="a">Asma</subfield>
    <subfield code="2">dcs</subfield>
    <subfield code="9">1434</subfield>
  </datafield>
  <datafield tag="650" ind1=" " ind2=" ">
    <subfield code="a">Neoplasias - Aspectos psicol&#xF3;gicos</subfield>
    <subfield code="9">178814</subfield>
  </datafield>
  <datafield tag="650" ind1=" " ind2=" ">
    <subfield code="a">Efecto placebo</subfield>
    <subfield code="9">37735</subfield>
  </datafield>
  <datafield tag="650" ind1=" " ind2="0">
    <subfield code="a">Comunicaci&#xF3;n en medicina </subfield>
    <subfield code="9">81644</subfield>
  </datafield>
  <datafield tag="650" ind1=" " ind2="7">
    <subfield code="a">Autoestima</subfield>
    <subfield code="2">lemb</subfield>
    <subfield code="9">32643</subfield>
  </datafield>
  <datafield tag="650" ind1=" " ind2=" ">
    <subfield code="a">T&#xE9;cnicas de relajaci&#xF3;n</subfield>
    <subfield code="9">29778</subfield>
  </datafield>
  <datafield tag="650" ind1=" " ind2="7">
    <subfield code="a">Abuso de drogas</subfield>
    <subfield code="2">lemb</subfield>
    <subfield code="9">106742</subfield>
  </datafield>
  <datafield tag="650" ind1=" " ind2=" ">
    <subfield code="a">Drogadicci&#xF3;n - Prevenci&#xF3;n y control</subfield>
    <subfield code="9">2584</subfield>
  </datafield>
  <datafield tag="650" ind1=" " ind2="7">
    <subfield code="a">Autopercepci&#xF3;n</subfield>
    <subfield code="2">lemb</subfield>
    <subfield code="9">39165</subfield>
  </datafield>
  <datafield tag="700" ind1="1" ind2="0">
    <subfield code="a">G&#xF3;mez D&#xED;az, Magdalena</subfield>
    <subfield code="4">aut</subfield>
    <subfield code="e">aut</subfield>
    <subfield code="9">674873</subfield>
  </datafield>
  <datafield tag="700" ind1="1" ind2="0">
    <subfield code="a">G&#xF3;mez S&#xE1;nchez, Remedios</subfield>
    <subfield code="4">aut</subfield>
    <subfield code="e">aut</subfield>
    <subfield code="9">602130</subfield>
  </datafield>
  <datafield tag="942" ind1=" " ind2=" ">
    <subfield code="c">BOOK</subfield>
    <subfield code="2">ddc</subfield>
  </datafield>
  <datafield tag="999" ind1=" " ind2=" ">
    <subfield code="c">634600</subfield>
    <subfield code="d">634600</subfield>
  </datafield>
  <datafield tag="952" ind1=" " ind2=" ">
    <subfield code="0">0</subfield>
    <subfield code="1">0</subfield>
    <subfield code="4">0</subfield>
    <subfield code="7">0</subfield>
    <subfield code="8">GENERAL</subfield>
    <subfield code="a">BSP</subfield>
    <subfield code="b">BSP</subfield>
    <subfield code="d">2012-10-29</subfield>
    <subfield code="e">Ediciones Hisp&#xE1;nicas</subfield>
    <subfield code="g">280000.00</subfield>
    <subfield code="i">C1160738</subfield>
    <subfield code="l">0</subfield>
    <subfield code="o">WM420 G6-12</subfield>
    <subfield code="p">93814</subfield>
    <subfield code="r">2023-05-02 00:00:00</subfield>
    <subfield code="t">1</subfield>
    <subfield code="w">2023-05-02</subfield>
    <subfield code="y">BOOK</subfield>
  </datafield>
  <datafield tag="952" ind1=" " ind2=" ">
    <subfield code="0">0</subfield>
    <subfield code="1">0</subfield>
    <subfield code="4">0</subfield>
    <subfield code="7">0</subfield>
    <subfield code="8">GENERAL</subfield>
    <subfield code="a">BE</subfield>
    <subfield code="b">BE</subfield>
    <subfield code="d">2013-03-13</subfield>
    <subfield code="e">Ediciones Hisp&#xE1;nicas</subfield>
    <subfield code="g">280000.00</subfield>
    <subfield code="i">C1169767</subfield>
    <subfield code="l">0</subfield>
    <subfield code="o">WM420 G6-12</subfield>
    <subfield code="p">0974217</subfield>
    <subfield code="r">2023-05-02 00:00:00</subfield>
    <subfield code="t">1</subfield>
    <subfield code="w">2023-05-02</subfield>
    <subfield code="y">BOOK</subfield>
  </datafield>
</record>
